[Event "Penang op-B 5th"]
[Site "Penang"]
[Date "2013.12.12"]
[Round "6"]
[White "Srivatanakul, Pricha"]
[Black "Lee, Zhi Yan"]
[Result "1-0"]
[WhiteElo "1743"]
[BlackElo "1352"]
[PlyCount "105"]
[EventDate "2013.12.09"]
[EventType "swiss"]
[EventRounds "9"]
[EventCountry "MAS"]
[SourceTitle "CBM 158 Extra"]
[Source "ChessBase"]
[SourceDate "2014.02.28"]
[SourceVersion "1"]
[SourceVersionDate "2014.02.28"]
[SourceQuality "1"]

1. b3 e5 2. Bb2 Nc6 3. e3 d5 4. Bb5 Nge7 5. Ne2 a6 6. Bxc6+ Nxc6 7. 0-0 Qg5 8. f4 exf4 9. Nxf4 Bd6 10. Nc3 Ne7 11. Qf3 c6 12. e4 d4 13. Nce2 c5 14. Nd5 Bg4 15. Qxf7+ Kd7 16. Nb6+ Kc6 17. Nxa8 Bxe2 18. Rf2 Bh5 19. Qe6 Bg4 20. Qc4 Rxa8 21. b4 Qe5 22. g3 Be6 23. Qd3 b6 24. c3 c4 25. Qxd4 Qxd4 26. cxd4 Bxb4 27. Rc1 Kb5 28. a3 Bd6 29. Rb1 Ka4 30. Rf3 g5 31. Rf6 Bxa3 32. Rxe6 Bxb2 33. Rxb2 Nc8 34. Re8 b5 35. d5 Nb6 36. Rxa8 Nxa8 37. Ra2+ Kb3 38. Rxa6 Nc7 39. Ra7 Ne8 40. e5 Kc2 41. Rb7 Kxd2 42. Rxb5 c3 43. d6 c2 44. Rc5 Ng7 45. Kf2 c1Q 46. Rxc1 Kxc1 47. Ke3 Kc2 48. Ke4 Kc3 49. d7 Ne6 50. Kf5 Nd8 51. e6 Nc6 52. Kf6 Kd4 53. e7 1-0